000 00848nam a2200193Ii 4500
003 JO-AjNU
008 230605s9999||||xx |||||||||||||| ||und||
040 _aJO-AjNU
_bara
_erda
_cJO-AjNU
041 _aara
050 1 4 _aKMM45.2.M34 1975
100 3 _aإعداد المصري، محمد ذيب,
_eauthor
_946502
245 0 0 _aمجموعة القرارات التفسيرية الصادرة عن الديوان الخاص بتفسير القوانين والمجلس العالي لتفسير الدستور منذ سنة 1930-1975، ج2
264 3 1 _aعمان: نقابة المحامين، 1975
300 _aج2، 779-1372ص
336 _atext
_btxt
_2rdacontent
337 _aunmediated
_bn
_2rdamedia
338 _avolume
_bnc
_2rdacarrier
650 4 _aالقانون - تفسير - المؤسسات التشريعية - الاردن
_946503
999 _aA20235
_c23803
_d23803